<?xml version="1.0" encoding="UTF-8"?>
<collection xmlns="http://www.loc.gov/MARC21/slim">
 <record>
  <leader>00442pamaa2200133   4500</leader>
  <controlfield tag="001">0000039953</controlfield>
  <controlfield tag="005">20061006090000.0</controlfield>
  <datafield tag="020" ind1="0" ind2="0">
   <subfield code="a">[Nil] </subfield>
  </datafield>
  <datafield tag="090" ind1="0" ind2="0">
   <subfield code="a">PL3118.36 </subfield>
   <subfield code="b">LY</subfield>
  </datafield>
  <datafield tag="100" ind1="1" ind2="0">
   <subfield code="a">LY Singko </subfield>
  </datafield>
  <datafield tag="245" ind1="1" ind2="3">
   <subfield code="a">An anthology of modern Malaysain Chinese stories  </subfield>
   <subfield code="c">Ly Singko with foreward by Han Suyin.</subfield>
  </datafield>
  <datafield tag="260" ind1="0" ind2="0">
   <subfield code="a">Singapore, Heinemann Educational Books, </subfield>
   <subfield code="c">1967.</subfield>
  </datafield>
  <datafield tag="300" ind1=" " ind2=" ">
   <subfield code="a">201p.: </subfield>
   <subfield code="b">18 cm.</subfield>
  </datafield>
  <datafield tag="650" ind1="0" ind2="0">
   <subfield code="a">Short stories Malaysian (Chinese) -- </subfield>
   <subfield code="x">Translation into English </subfield>
  </datafield>
 </record>
</collection>
